Introducción al uso de las imágenes satelitarias para el estudio de los recursos naturales /

Guardado en:
Autor Principal: Luque, Jorge Alfredo.
Formato: Libro
Idioma:Spanish
Publicado: Bahía Blanca : Universidad Nacional del Sur. Departamento de Ciencias Agrarias, 1978.
Series:Recursos Naturales: agua y suelo, 2
Etiquetas: Agregar Etiqueta
Sin Etiquetas, Sea el primero en etiquetar este registro!
LEADER 00598nam a22001455a 4500
001 EUN.um041504
008 041125s1978####ag#a##########000#0#spa#d
005 20090408125420.0
245 1 0 |a Introducción al uso de las imágenes satelitarias para el estudio de los recursos naturales /  |c Jorge A. Luque. 
260 |a Bahía Blanca :  |b Universidad Nacional del Sur. Departamento de Ciencias Agrarias,  |c 1978. 
300 |a 42 p. :  |b ilus. ;  |c 25,5 cm.. 
490 0 |a Recursos Naturales: agua y suelo, 2 
100 1 |a Luque, Jorge Alfredo. 
082 0 4 |a 778.3 
859 |a Ar-BaUNS  |b BIB. CENTRAL - Sector C  |h 778.3  |i L974-3  |p 88964/982